|
|
|
|
| LEADER |
01786cas a2200241 a 4500 |
| 001 |
AALejournalIMF008401 |
| 008 |
230101c9999 xx r poo 0 0eng d |
| 020 |
|
|
|c 5.00 USD
|
| 020 |
|
|
|z 9781451814194
|
| 022 |
|
|
|a 1934-7685
|
| 040 |
|
|
|a BD-DhAAL
|c BD-DhAAL
|
| 110 |
2 |
|
|a International Monetary Fund.
|
| 245 |
1 |
0 |
|a United Kingdom :
|b 2002 Article IV Consultation-Staff Report; Staff Statement; Public Information Notice on the Executive Board Discussion; and Statement by the Executive Director for the United Kingdom.
|
| 264 |
|
1 |
|a Washington, D.C. :
|b International Monetary Fund,
|c 2003.
|
| 300 |
|
|
|a 1 online resource (63 pages)
|
| 490 |
1 |
|
|a IMF Staff Country Reports
|
| 500 |
|
|
|a <strong>Off-Campus Access:</strong> No User ID or Password Required
|
| 500 |
|
|
|a <strong>On-Campus Access:</strong> No User ID or Password Required
|
| 506 |
|
|
|a Electronic access restricted to authorized BRAC University faculty, staff and students
|
| 520 |
3 |
|
|a This 2002 Article IV Consultation highlights that the real GDP of the United Kingdom increased at an average rate of some 2.8 percent, and the unemployment rate halved to below 5 percent by April 2001. Inflation, which has been low since the mid-1990s, was-on a harmonized basis-about 1.5 percent, below the European Union average. Real output growth decelerated in 2002, but remained above that of other large European countries. Notwithstanding the global slowdown, the United Kingdom economy grew by 1.7 percent owing mainly to buoyant private consumption as well as increased public spending.
|
| 538 |
|
|
|a Mode of access: Internet
|
| 830 |
|
0 |
|a IMF Staff Country Reports; Country Report ;
|v No. 2003/048
|
| 856 |
4 |
0 |
|z Full text available on IMF
|u http://elibrary.imf.org/view/journals/002/2003/048/002.2003.issue-048-en.xml
|z IMF e-Library
|